Normal view
MARC view
- Tools for everyday parenting series
Entry Uniform Title
001 - CONTROL NUMBER
- control field: 8298
003 - CONTROL NUMBER IDENTIFIER
- control field: NUST
005 - DATE AND TIME OF LATEST TRANSACTION
- control field: 20180112091408.0
008 - FIXED-LENGTH DATA ELEMENTS
- fixed length control field: 180112|| aca||aabn | a|a d
040 ## - CATALOGING SOURCE
- Original cataloging agency: NUST
- Transcribing agency: NUST
130 ## - HEADING--UNIFORM TITLE
- Uniform title: Tools for everyday parenting series
670 ## - SOURCE DATA FOUND
- Source citation: Work cat.: (NUST)0: Steelsmith, Shari. 8297, Peekaboo, and other games to play with your baby /, 1995.
